000 00306nam a2200121 4500
999 _c9645
_d9645
003 OSt
005 20211124125332.0
008 211124b ||||| |||| 00| 0 eng d
100 _aJohn milnes Baker
245 _aAmerican House styles a concise guide
260 _aLondon
_bW W Norton and company
942 _2ddc